000 00969pam a2200277 i 4500
008
020 _a070355517 (pbk.)
049 _aMAIN
090 _aQA39.2
_bKRU
100 1 _aKruglak, Haym.
245 1 0 _aSchaum's outline of theory and problems of basic mathematics :
_bwith applications to science and technology /
_cHaym Kruglak and John T. Moore
246 _aTheory and problems of probability and statistics.
260 _aNew York :
_bMcGraw-Hill,
_cc1973.
300 _a341 p. :
_bill. ;
_c28 cm.
440 _aSchaum's outline series in mathematics.
440 _aSchaum's outline series.
500 _aIncludes index.
650 0 _aProbabilities
_xProblems, exercises, etc.
650 0 _aMathematical statistics
_xProblems, exercises, etc.
700 _aMoore, T. John.
907 _a.b10277614
_b09-06-10
_c02-06-10
003
005 20230120145420.0
040 _cNUST
942 _cBOOKS
_kQA39.2
_mKRU
999 _c97991
_d97991